Threshold logic
Αποθηκεύτηκε σε:
| Κύριος συγγραφέας: | |
|---|---|
| Μορφή: | Βιβλίο |
| Γλώσσα: | English |
| Δημοσίευση: |
Berkeley :
University of California Press,
1965
|
| Θέματα: | |
| Ετικέτες: |
Προσθήκη ετικέτας
Δεν υπάρχουν, Καταχωρήστε ετικέτα πρώτοι!
|
MARC
| LEADER | 00000cam a2200000 i 4500 | ||
|---|---|---|---|
| 001 | 1/4769 | ||
| 008 | 100222s1965 eng d | ||
| 035 | |l 10106917 | ||
| 040 | |a GR-MY-UA |b gre |e aacr | ||
| 041 | 0 | |a eng | |
| 082 | 0 | |a 511.3 |2 (22) | |
| 100 | 1 | |a Hu, S. T. |q (Sze-Tsen), |d 1914-1999. | |
| 245 | 1 | 0 | |a Threshold logic / |c Sze-Tsen Hu |
| 260 | |a Berkeley : |b University of California Press, |c 1965 | ||
| 300 | |a xiv, 338 σ.; |c 24 εκ. | ||
| 504 | |a Περιέχει βιβλιογραφικές παραπομπές και ευρετήριο | ||
| 650 | 0 | 0 | |a Threshold logic. |
| 852 | |a INST |b SAMOS |c MAG |e 20100222 |h 511.3 HU |p 005300030565 |q 005300030565 |t BK |y 0 | ||
| 901 | |a BIBL3-2010-1 | ||
| 909 | |a Σ |b 161881 | ||
| 970 | |a ΡΟΥΣΣΟΥ |b ΚΩΝΣΤΑΝΤΙΝΑ |z 2010/02/22 | ||